Les chansons sur l'alcool - Statistiques

Statistiques générales
  • Ce quiz a été pris 343 fois
  • Le résultat moyen est 9 sur 15
Statistiques - réponses
Indices Interprètes Chansons % Correct
H2O Alain Bashung L'{Eau} et le Vin
89%
Invitation Licence IV {Viens} boire un p'tit coup à la maison
84%
De qualité Luis Mariano Vive le {bon} vin !
81%
Elle Soldat Louis Du rhum des {femmes}
80%
Couleur Lina Margy Ah le petit vin {blanc}
76%
Alcool Nicolas Peyrac Le {vin} me saoule
73%
Abreuver Serge Lama {Boire} un p'tit coup
69%
Sentiment Enzo Enzo L'{amour} est un alcool
68%
Boisson Jacques Brel La {Bière}
57%
Alcool Georges Moustaki Donne du {rhum}
54%
Couleur Claude François Bordeaux {rosé}
42%
Ivrogne Renaud Dr Renaud, Mister {Renard}
40%
Alcool Serge Reggiani Du {whisky} au Vichy
38%
Café Richard Bohringer Au fond des {bars}
34%
Région Traditionnelle Joyeux enfants de la {Bourgogne}
21%
Aucun quiz correspondant
Distribution des résultats
% des personnes avec chaque résultat
Percentile par nombre de réponses
Votre historique - résultats
Vous n’avez pas pris ce quiz